Normal view
MARC view
- Painting.
Entry Topical Term
001 - CONTROL NUMBER
- control field: 25257
003 - CONTROL NUMBER IDENTIFIER
- control field: NUST
005 - DATE AND TIME OF LATEST TRANSACTION
- control field: 20191106102653.0
008 - FIXED-LENGTH DATA ELEMENTS
- fixed length control field: 191106|| aca||aabn | a|a d
040 ## - CATALOGING SOURCE
- Original cataloging agency: NUST
- Transcribing agency: NUST
150 ## - HEADING--TOPICAL TERM
- Topical term or geographic name entry element: Painting.
670 ## - SOURCE DATA FOUND
- Source citation: Work cat.: (NUST)0: Zafar Y. Ibrahim 25254, 47 paintings /, 2010.
